[Event "45. Torneo Internacional La Roda 2018"]
[Site "La Roda ESP"]
[Date "2018.03.29"]
[Round "3.5"]
[White "Vasquez Schroeder, Rodrigo"]
[Black "Roig Aguilar, Alejandro"]
[Result "1-0"]
[WhiteElo "2527"]
[BlackElo "2250"]
[PlyCount "79"]
[EventDate "2018.03.28"]
[EventType "swiss"]
[EventRounds "9"]
[EventCountry "ESP"]
[SourceTitle "Ajedrez en Madrid"]
[Source "lmi"]
[SourceDate "2018.03.28"]

1. d4 Nf6 2. Nf3 c5 3. d5 b5 4. c4 g6 5. cxb5 a6 6. b6 Qxb6 7. Nc3 d6 8. Nd2
Nbd7 9. e4 Bg7 10. Be2 O-O 11. a4 Rb8 12. a5 Qd8 13. O-O Ne8 14. Nc4 Nc7 15.
Bg5 Ne5 16. Nb6 Nd7 17. Nxc8 Rxc8 18. Qd2 Rb8 19. Ra2 Rb4 20. f4 Nf6 21. Bf3
Qb8 22. Qc2 h6 23. Bh4 Nb5 24. Nxb5 Qxb5 25. Be1 Qc4 26. Qxc4 Rxc4 27. e5 dxe5
28. fxe5 Nd7 29. Be2 Nxe5 30. Bxc4 Nxc4 31. Bf2 Rd8 32. b3 Nb2 33. Bxc5 Rxd5
34. Bxe7 Nd3 35. Bf6 Bf8 36. g3 g5 37. Bc3 Bc5+ 38. Kg2 Nb4 39. Rd2 Rxd2+ 40.
Bxd2 1-0

[Event "45. Torneo Internacional La Roda 2018"]
[Site "La Roda ESP"]
[Date "2018.03.29"]
[Round "3.7"]
[White "Oratovsky, Michael"]
[Black "Ortega Lopez, Mikel"]
[Result "1-0"]
[WhiteElo "2445"]
[BlackElo "2240"]
[PlyCount "89"]
[EventDate "2018.03.28"]
[EventType "swiss"]
[EventRounds "9"]
[EventCountry "ESP"]
[SourceTitle "Ajedrez en Madrid"]
[Source "lmi"]
[SourceDate "2018.03.28"]

1. e4 c5 2. Nf3 Nc6 3. Bb5 e6 4. O-O Nge7 5. d4 cxd4 6. Nxd4 Qb6 7. Nxc6 bxc6
8. Be2 Ng6 9. c4 Be7 10. Nc3 O-O 11. Na4 Qa5 12. f4 d6 13. g3 Rd8 14. Bd2 Qc7
15. Qe1 a5 16. c5 dxc5 17. b3 Rd4 18. Bc4 Ba6 19. Bxa5 Qa7 20. Bxa6 Qxa6 21.
Bc3 Rdd8 22. Nb2 Nf8 23. Nc4 Nd7 24. Rf2 Nb6 25. Ba5 Nxc4 26. Bxd8 Bxd8 27.
bxc4 Qxc4 28. Rc1 Qd4 29. Kg2 Ba5 30. Qe2 Bb4 31. Rd1 Qf6 32. Rd7 Bc3 33. e5
Qg6 34. Qc2 Bd4 35. Qxg6 hxg6 36. Rc2 Kf8 37. Rc7 Ra6 38. Kf3 Ra3+ 39. Kg4 Ra6
40. h4 Ke8 41. Rh2 Kf8 42. h5 Kg8 43. hxg6 fxg6 44. Rc8+ Kf7 45. Rhh8 1-0

[Event "45. Torneo Internacional La Roda 2018"]
[Site "La Roda ESP"]
[Date "2018.03.29"]
[Round "3.8"]
[White "Garcia Romero, Benjamin Abel"]
[Black "Ladron De Guevara Pinto, Paolo"]
[Result "0-1"]
[WhiteElo "2239"]
[BlackElo "2422"]
[PlyCount "142"]
[EventDate "2018.03.28"]
[EventType "swiss"]
[EventRounds "9"]
[EventCountry "ESP"]
[SourceTitle "Ajedrez en Madrid"]
[Source "lmi"]
[SourceDate "2018.03.28"]

1. d4 Nf6 2. c4 e6 3. g3 d5 4. Nf3 Bb4+ 5. Bd2 Be7 6. Bg2 c6 7. Qc2 Ne4 8. O-O
O-O 9. Rd1 Nxd2 10. Nbxd2 b6 11. Rac1 Bb7 12. e3 Nd7 13. a3 a5 14. cxd5 exd5
15. Nb1 Bd6 16. Ne1 f5 17. Nc3 Qe7 18. Nd3 Kh8 19. Re1 Nf6 20. Na4 Nd7 21. Qd1
Rac8 22. Qd2 c5 23. Nf4 Bxf4 24. exf4 Qd6 25. Qe3 Qc6 26. Nc3 Nf6 27. dxc5 bxc5
28. Qd3 Ne4 29. Qb5 Qc7 30. Nxe4 fxe4 31. f3 exf3 32. Bxf3 Ba8 33. Re5 Qa7 34.
Qe2 c4+ 35. Qf2 Qxf2+ 36. Kxf2 Rb8 37. Rc2 Rfd8 38. Rd2 Kg8 39. Bg4 Kf8 40.
Rf5+ Ke7 41. Bd1 Rb6 42. Re5+ Kd6 43. Be2 Rdb8 44. Bxc4 Rxb2 45. Ree2 Rxd2 46.
Rxd2 Rc8 47. Bd3 h6 48. Be2 Rc3 49. Rd3 Rc2 50. Rb3 Bc6 51. Ke3 a4 52. Rd3 Bb5
53. Rd2 Rc3+ 54. Kd4 Rb3 55. Bxb5 Rxb5 56. f5 Rb1 57. Rf2 Rd1+ 58. Kc3 Ke5 59.
Kb4 Rb1+ 60. Kc5 Rc1+ 61. Kb4 d4 62. g4 d3 63. h4 Rc2 64. Rf1 d2 65. Rd1 Kd4
66. g5 Kd3 67. Kxa4 Ke2 68. Rg1 d1=Q 69. Rxd1 Kxd1 70. gxh6 gxh6 71. Kb5 Rf2
0-1

[Event "45. Torneo Internacional La Roda 2018"]
[Site "La Roda ESP"]
[Date "2018.03.29"]
[Round "3.9"]
[White "Campora, Daniel H."]
[Black "Tudela Corbalan, Carlos"]
[Result "1/2-1/2"]
[WhiteElo "2419"]
[BlackElo "2232"]
[PlyCount "82"]
[EventDate "2018.03.28"]
[EventType "swiss"]
[EventRounds "9"]
[EventCountry "ESP"]
[SourceTitle "Ajedrez en Madrid"]
[Source "lmi"]
[SourceDate "2018.03.28"]

1. e4 g6 2. d4 Bg7 3. Nc3 d6 4. Be3 Nd7 5. Qd2 a6 6. a4 b6 7. f3 Bb7 8. Nh3 e6
9. Nf2 Qe7 10. Be2 Ngf6 11. O-O O-O 12. Rad1 Ne8 13. f4 f5 14. e5 Kh8 15. Nd3
Be4 16. Nxe4 fxe4 17. Nb4 Nb8 18. c4 c5 19. Nc2 dxe5 20. dxe5 Nc6 21. Qd7 Qxd7
22. Rxd7 g5 23. g3 gxf4 24. gxf4 Bh6 25. Rb7 Rd8 26. Rxb6 Nd4 27. Bd1 Ng7 28.
f5 Ngxf5 29. Bxh6 Nxh6 30. Rxf8+ Rxf8 31. Ne3 Nhf5 32. Kf2 Nh4+ 33. Kg3 Ng6 34.
b4 Nxe5 35. bxc5 Nd3 36. c6 Rg8+ 37. Kh4 Ne5 38. c7 Ndf3+ 39. Bxf3 Nxf3+ 40.
Kh3 Ng1+ 41. Kh4 Nf3+ 1/2-1/2

[Event "45. Torneo Internacional La Roda 2018"]
[Site "La Roda ESP"]
[Date "2018.03.29"]
[Round "3.10"]
[White "Suarez Uriel, Adrian"]
[Black "Calvo Simon, Jorge"]
[Result "1-0"]
[WhiteElo "2412"]
[BlackElo "2223"]
[PlyCount "59"]
[EventDate "2018.03.28"]
[EventType "swiss"]
[EventRounds "9"]
[EventCountry "ESP"]
[SourceTitle "Ajedrez en Madrid"]
[Source "lmi"]
[SourceDate "2018.03.28"]

1. e4 c5 2. Ne2 g6 3. d4 cxd4 4. Nxd4 Bg7 5. c4 Nc6 6. Be3 Nf6 7. Nc3 d6 8. Be2
O-O 9. O-O Bd7 10. h3 Nxd4 11. Bxd4 Bc6 12. Qc2 a5 13. Rad1 Nd7 14. Bxg7 Kxg7
15. Bg4 Nc5 16. e5 f5 17. Be2 Qc7 18. exd6 exd6 19. Nd5 Bxd5 20. Rxd5 Rfe8 21.
Rfd1 Re6 22. Qc3+ Kg8 23. Bf3 Ne4 24. Bxe4 fxe4 25. b3 a4 26. Qd4 axb3 27. axb3
Ra3 28. c5 Rxb3 29. Rxd6 Re8 30. Qa4 1-0

[Event "45. Torneo Internacional La Roda 2018"]
[Site "La Roda ESP"]
[Date "2018.03.29"]
[Round "3.11"]
[White "Insa Alfonso, Pablo"]
[Black "Pilgaard, Kim"]
[Result "0-1"]
[WhiteElo "2239"]
[BlackElo "2397"]
[PlyCount "148"]
[EventDate "2018.03.28"]
[EventType "swiss"]
[EventRounds "9"]
[EventCountry "ESP"]
[SourceTitle "Ajedrez en Madrid"]
[Source "lmi"]
[SourceDate "2018.03.28"]

1. e4 e5 2. Nf3 Nc6 3. d4 exd4 4. Bc4 Bc5 5. c3 Nf6 6. cxd4 Bb4+ 7. Bd2 Nxe4 8.
Bxb4 Nxb4 9. Bxf7+ Kxf7 10. Qb3+ Kf8 11. Qxb4+ Qe7 12. Qxe7+ Kxe7 13. O-O Kd8
14. Re1 Nf6 15. Nc3 b6 16. d5 Bb7 17. Ng5 Rf8 18. d6 cxd6 19. Nge4 Nxe4 20.
Nxe4 Bxe4 21. Rxe4 Rc8 22. Re2 Re8 23. Rd2 Re6 24. g3 a5 25. Rad1 Ke7 26. h4
Rc5 27. Kg2 h5 28. Kf3 Rf5+ 29. Kg2 Rfe5 30. Kf1 g6 31. Rc1 Rc5 32. Rcd1 a4 33.
Kg2 Rb5 34. Kf1 Rbe5 35. Rc1 Rc5 36. Rcd1 b5 37. a3 Rc4 38. Kg2 Rf6 39. Re1+
Kd8 40. Re3 Kc7 41. Red3 Kc6 42. Rd5 Rc5 43. R5d4 Rc4 44. Rd5 Re6 45. Kf3 Rc5
46. R5d4 d5 47. R4d3 Re4 48. Rd1 Re6 49. R1d2 Rd6 50. Rd4 Rc4 51. R4d3 Kc5 52.
Ke3 b4 53. axb4+ Rxb4 54. Rc2+ Rc4 55. Rcd2 Re6+ 56. Kf3 Rf6+ 57. Kg2 d4 58. f4
Rb4 59. Rc2+ Kd5 60. Kf3 Rc6 61. Re2 Re6 62. Red2 Rb3 63. Rxb3 axb3 64. Rd1
Re3+ 65. Kf2 Kc4 66. Rg1 Kd3 67. g4 hxg4 68. Rxg4 Re6 69. Kf3 Kc2 70. Rg2+ Kc1
71. h5 gxh5 72. f5 Re8 73. Re2 Rxe2 74. Kxe2 Kc2 0-1

[Event "45. Torneo Internacional La Roda 2018"]
[Site "La Roda ESP"]
[Date "2018.03.29"]
[Round "3.12"]
[White "Castellanos Gomez, Alejandro"]
[Black "Quintin Navarro, Alberto"]
[Result "1/2-1/2"]
[WhiteElo "2224"]
[BlackElo "2380"]
[PlyCount "55"]
[EventDate "2018.03.28"]
[EventType "swiss"]
[EventRounds "9"]
[EventCountry "ESP"]
[SourceTitle "Ajedrez en Madrid"]
[Source "lmi"]
[SourceDate "2018.03.28"]

1. d4 Nf6 2. Nf3 e6 3. Bf4 c5 4. e3 Nc6 5. c3 d5 6. Nbd2 cxd4 7. exd4 Nh5 8.
Bg5 f6 9. Bh4 Be7 10. Bg3 O-O 11. Be2 g6 12. Nf1 Bd6 13. Qd2 Qc7 14. Bxd6 Qxd6
15. g3 Rb8 16. Ne3 b5 17. O-O Ng7 18. Rac1 Bd7 19. Rfd1 Ne7 20. Ne1 Ngf5 21.
Nd3 Nxe3 22. Qxe3 Nf5 23. Qf4 Qxf4 24. Nxf4 b4 25. c4 g5 26. Ng2 Bc6 27. Ne3
Nxe3 28. fxe3 1/2-1/2

[Event "45. Torneo Internacional La Roda 2018"]
[Site "La Roda ESP"]
[Date "2018.03.29"]
[Round "3.13"]
[White "Ramiro Ovejero, Juan Luis"]
[Black "Palacios Herrero, Pablo"]
[Result "1-0"]
[WhiteElo "2374"]
[BlackElo "2165"]
[PlyCount "99"]
[EventDate "2018.03.28"]
[EventType "swiss"]
[EventRounds "9"]
[EventCountry "ESP"]
[SourceTitle "Ajedrez en Madrid"]
[Source "lmi"]
[SourceDate "2018.03.28"]

1. e4 e6 2. d4 d5 3. Nd2 Nf6 4. e5 Nfd7 5. Bd3 c5 6. c3 Nc6 7. Ngf3 Qb6 8. O-O
g6 9. dxc5 Qc7 10. Nb3 Bg7 11. Nfd4 Qxe5 12. Be3 O-O 13. Qd2 Qc7 14. f4 Nf6 15.
Nxc6 bxc6 16. Bd4 Nd7 17. Bxg7 Kxg7 18. c4 dxc4 19. Bxc4 a5 20. a4 Kg8 21. Qc3
Qa7 22. Bd3 Rb8 23. Qxa5 Qxa5 24. Nxa5 Nxc5 25. Nxc6 Rxb2 26. Bb5 Ba6 27. Rfb1
Rd2 28. Rc1 Bxb5 29. axb5 Nd7 30. Rd1 Rxd1+ 31. Rxd1 Nb6 32. Ra1 Ra8 33. Ra6
Rxa6 34. bxa6 Kf8 35. Kf2 Ke8 36. Ke3 f6 37. Kd4 Kd7 38. Kc5 Na4+ 39. Kb5 Kc7
40. Nd4 Nc3+ 41. Kc4 Nd1 42. Kc5 Ne3 43. Nxe6+ Kb8 44. Kb5 Ka7 45. g3 Nf1 46.
Nd4 Nxh2 47. Ka5 Nf1 48. Nb5+ Kb8 49. Kb6 Ne3 50. a7+ 1-0

[Event "45. Torneo Internacional La Roda 2018"]
[Site "La Roda ESP"]
[Date "2018.03.29"]
[Round "3.14"]
[White "Romero Calduch, Sergio"]
[Black "Martinez Lopez, David"]
[Result "1-0"]
[WhiteElo "2174"]
[BlackElo "2368"]
[PlyCount "59"]
[EventDate "2018.03.28"]
[EventType "swiss"]
[EventRounds "9"]
[EventCountry "ESP"]
[SourceTitle "Ajedrez en Madrid"]
[Source "lmi"]
[SourceDate "2018.03.28"]

1. d4 e6 2. Nf3 Nf6 3. e3 b6 4. Bd3 Bb7 5. O-O d5 6. c4 Bd6 7. b3 O-O 8. Nc3
Nbd7 9. Bb2 a6 10. Rc1 Re8 11. Na4 dxc4 12. bxc4 e5 13. Bb1 e4 14. Nd2 Qe7 15.
c5 bxc5 16. dxc5 Nxc5 17. Nxc5 Bxc5 18. Bxf6 gxf6 19. Nxe4 Bb6 20. Ng3 Qe5 21.
Rc4 Qd5 22. Qxd5 Bxd5 23. Rg4+ Kh8 24. Rh4 Re6 25. Bxh7 Kg7 26. Nf5+ Kf8 27.
Rg4 Ke8 28. Rd1 Re5 29. Rg8+ Kd7 30. Rxa8 1-0

[Event "45. Torneo Internacional La Roda 2018"]
[Site "La Roda ESP"]
[Date "2018.03.29"]
[Round "3.15"]
[White "Guerra Rivera, Salvador"]
[Black "Rodriguez Melendez, Juan Humbert"]
[Result "1-0"]
[WhiteElo "2350"]
[BlackElo "2165"]
[PlyCount "87"]
[EventDate "2018.03.28"]
[EventType "swiss"]
[EventRounds "9"]
[EventCountry "ESP"]
[SourceTitle "Ajedrez en Madrid"]
[Source "lmi"]
[SourceDate "2018.03.28"]

1. e4 e5 2. Nf3 Nc6 3. Nc3 Nf6 4. d4 exd4 5. Nxd4 Bb4 6. Nxc6 bxc6 7. Bd3 O-O
8. O-O Re8 9. Bg5 h6 10. Bh4 g5 11. Bg3 Bxc3 12. bxc3 Nxe4 13. Qh5 d5 14. f4
Bf5 15. Bxe4 Rxe4 16. fxg5 Bg6 17. Qxh6 Qf8 18. Qh3 Qe8 19. Qh6 Qf8 20. Qxf8+
Kxf8 21. Rf6 Rc4 22. Raf1 Kg8 23. R6f3 Re8 24. Bxc7 Re2 25. Rb1 Rce4 26. Rb8+
Re8 27. Rxe8+ Rxe8 28. Kf2 Bxc2 29. Rf6 Ba4 30. g6 fxg6 31. Rxg6+ Kh7 32. Rg3
Re7 33. Bd6 Rb7 34. Be5 Bc2 35. Ke3 Be4 36. h4 a5 37. Rg5 a4 38. g4 Rb2 39.
Rg7+ Kh6 40. Rc7 Rxa2 41. Rxc6+ Kh7 42. Kf4 Rf2+ 43. Kg5 a3 44. Rc8 1-0

[Event "45. Torneo Internacional La Roda 2018"]
[Site "La Roda ESP"]
[Date "2018.03.29"]
[Round "3.16"]
[White "Martin Duque, Jesus"]
[Black "Lacruz Algarate, Alvaro"]
[Result "1-0"]
[WhiteElo "2345"]
[BlackElo "2113"]
[PlyCount "51"]
[EventDate "2018.03.28"]
[EventType "swiss"]
[EventRounds "9"]
[EventCountry "ESP"]
[SourceTitle "Ajedrez en Madrid"]
[Source "lmi"]
[SourceDate "2018.03.28"]

1. e4 c5 2. Nf3 e6 3. d4 cxd4 4. Nxd4 a6 5. Bd3 Qc7 6. O-O Nf6 7. Qe2 d6 8. c4
Nbd7 9. Nc3 Be7 10. f4 O-O 11. Be3 b6 12. g4 Rd8 13. g5 Ne8 14. Rfc1 Nf8 15. f5
Qb7 16. Qf2 f6 17. fxe6 Nxe6 18. Nf5 Nc5 19. Bb1 Be6 20. Nd5 Bxd5 21. exd5 Bf8
22. Nd4 Rdc8 23. b4 Nd7 24. Bxh7+ Kxh7 25. Qh4+ Kg6 26. Qe4+ 1-0

[Event "45. Torneo Internacional La Roda 2018"]
[Site "La Roda ESP"]
[Date "2018.03.29"]
[Round "3.17"]
[White "Jordan Martinez, David"]
[Black "Lopez Mulet, Inigo"]
[Result "0-1"]
[WhiteElo "2165"]
[BlackElo "2341"]
[PlyCount "72"]
[EventDate "2018.03.28"]
[EventType "swiss"]
[EventRounds "9"]
[EventCountry "ESP"]
[SourceTitle "Ajedrez en Madrid"]
[Source "lmi"]
[SourceDate "2018.03.28"]

1. e4 e6 2. d4 d5 3. Nc3 Nf6 4. Bg5 Bb4 5. e5 h6 6. Bc1 Ne4 7. Qg4 g6 8. Nge2
c5 9. a3 Bxc3+ 10. Nxc3 Nxc3 11. bxc3 Qa5 12. Bd2 Qa4 13. Qf3 cxd4 14. Bd3 b6
15. Qf6 Rh7 16. h4 dxc3 17. Bxc3 Nd7 18. Qf3 Ba6 19. h5 Bxd3 20. cxd3 g5 21.
O-O Qf4 22. Qe2 d4 23. Bb2 Nxe5 24. Bc1 Qf5 25. f4 Nxd3 26. fxg5 Nxc1 27. Raxc1
Qxg5 28. Qa6 Rd8 29. Qxa7 Rg7 30. Rc2 d3 31. Rcf2 d2 32. Qa4+ Kf8 33. Rd1 Qxh5
34. Rfxd2 Rxg2+ 35. Kxg2 Rxd2+ 36. Rxd2 Qg5+ 0-1

[Event "45. Torneo Internacional La Roda 2018"]
[Site "La Roda ESP"]
[Date "2018.03.29"]
[Round "3.18"]
[White "Plazuelo Pascual, Juan"]
[Black "Muñoz Ortega, Jose Daniel"]
[Result "1-0"]
[WhiteElo "2330"]
[BlackElo "2058"]
[PlyCount "59"]
[EventDate "2018.03.28"]
[EventType "swiss"]
[EventRounds "9"]
[EventCountry "ESP"]
[SourceTitle "Ajedrez en Madrid"]
[Source "lmi"]
[SourceDate "2018.03.28"]

1. d4 d5 2. c4 e6 3. Nf3 a6 4. e3 Nf6 5. Nbd2 b6 6. b3 Bb7 7. Bd3 Bd6 8. O-O
O-O 9. Bb2 c5 10. cxd5 exd5 11. Rc1 Nbd7 12. Ne5 Re8 13. f4 Nf8 14. Qf3 Ne6 15.
Qh3 Qe7 16. Bf5 Nf8 17. Bd3 Ng6 18. Ndf3 Bxe5 19. Nxe5 Ne4 20. f5 Nxe5 21. dxe5
f6 22. Bxe4 dxe4 23. exf6 gxf6 24. Rf4 Rad8 25. Rg4+ Kh8 26. Rg6 Rd6 27. Qh6
Rf8 28. g4 Bc8 29. g5 Bd7 30. gxf6 1-0

[Event "45. Torneo Internacional La Roda 2018"]
[Site "La Roda ESP"]
[Date "2018.03.29"]
[Round "3.20"]
[White "Dan, Teodor"]
[Black "Mingarro Carceller, Sergi"]
[Result "0-1"]
[WhiteElo "2164"]
[BlackElo "2323"]
[PlyCount "88"]
[EventDate "2018.03.28"]
[EventType "swiss"]
[EventRounds "9"]
[EventCountry "ESP"]
[SourceTitle "Ajedrez en Madrid"]
[Source "lmi"]
[SourceDate "2018.03.28"]

1. d4 d5 2. c4 e6 3. Nc3 Bb4 4. Nf3 Nf6 5. Bg5 dxc4 6. e4 b5 7. a4 c5 8. axb5
cxd4 9. Nxd4 h6 10. Bxf6 Qxf6 11. Bxc4 O-O 12. O-O Bb7 13. Qb3 Bc5 14. Nf3 Nd7
15. Rad1 Rfd8 16. Qc2 Rac8 17. Ba2 Ne5 18. Nd2 Ng4 19. Nc4 Rxd1 20. Nxd1 Qf4
21. g3 Qxe4 22. Qxe4 Bxe4 23. Nde3 Nxe3 24. fxe3 Bd3 25. Re1 Rb8 26. Kf2 Rxb5
27. Rd1 Bxc4 28. Bxc4 Rxb2+ 29. Be2 a5 30. Ra1 Bb6 31. Ra3 Kf8 32. Kf3 Ke7 33.
h4 Kd6 34. Rc3 Bc5 35. Bd1 Ra2 36. Ke4 f5+ 37. Kd3 Rg2 38. Kc4 Bb4 39. Rd3+ Ke5
40. e4 fxe4 41. Re3 Rd2 42. Bf3 Rd4+ 43. Kb5 Bd2 44. Re2 e3 0-1

[Event "45. Torneo Internacional La Roda 2018"]
[Site "La Roda ESP"]
[Date "2018.03.29"]
[Round "3.21"]
[White "Korneev, Oleg"]
[Black "Arroyo Rodriguez, Jesus"]
[Result "1-0"]
[WhiteElo "2557"]
[BlackElo "2052"]
[PlyCount "49"]
[EventDate "2018.03.28"]
[EventType "swiss"]
[EventRounds "9"]
[EventCountry "ESP"]
[SourceTitle "Ajedrez en Madrid"]
[Source "lmi"]
[SourceDate "2018.03.28"]

1. e4 c5 2. Nf3 g6 3. c3 d5 4. exd5 Qxd5 5. d4 Bg7 6. Na3 cxd4 7. Bc4 Qe4+ 8.
Be3 Nf6 9. Nb5 O-O 10. cxd4 Nc6 11. Nc3 Qg4 12. h3 Qh5 13. Qd2 e5 14. Be2 exd4
15. Nxd4 Bg4 16. O-O-O Bxe2 17. Qxe2 Qa5 18. g4 Rac8 19. Kb1 Ne5 20. Nb3 Qc7
21. Nd5 Qc4 22. Qxc4 Rxc4 23. f4 Nc6 24. Nd2 Ra4 25. b3 1-0

[Event "45. Torneo Internacional La Roda 2018"]
[Site "La Roda ESP"]
[Date "2018.03.30"]
[Round "4.1"]
[White "Fedorchuk, Sergey A."]
[Black "Ramiro Ovejero, Juan Luis"]
[Result "1-0"]
[WhiteElo "2642"]
[BlackElo "2374"]
[PlyCount "55"]
[EventDate "2018.03.28"]
[EventType "swiss"]
[EventRounds "9"]
[EventCountry "ESP"]
[SourceTitle "Ajedrez en Madrid"]
[Source "lmi"]
[SourceDate "2018.03.28"]

1. e4 c5 2. Nf3 e6 3. d4 cxd4 4. Nxd4 a6 5. c4 Nf6 6. Nc3 Bb4 7. Qd3 O-O 8. e5
Ne8 9. Nc2 Nc6 10. Bf4 Qa5 11. Be2 Bxc3+ 12. Qxc3 Qxc3+ 13. bxc3 d6 14. exd6 e5
15. Be3 Nxd6 16. O-O-O Ne4 17. Kb2 Be6 18. Nb4 Rac8 19. Nd5 Bxd5 20. cxd5 Na5
21. Bb6 Nxc3 22. Bxa5 Nxe2 23. d6 b6 24. d7 Rb8 25. Bb4 Rfd8 26. Be7 Nd4 27.
Bxd8 Rxd8 28. Rhe1 1-0

[Event "45. Torneo Internacional La Roda 2018"]
[Site "La Roda ESP"]
[Date "2018.03.30"]
[Round "4.2"]
[White "Guerra Rivera, Salvador"]
[Black "Perez Candelario, Manuel"]
[Result "0-1"]
[WhiteElo "2350"]
[BlackElo "2586"]
[PlyCount "42"]
[EventDate "2018.03.28"]
[EventType "swiss"]
[EventRounds "9"]
[EventCountry "ESP"]
[SourceTitle "Ajedrez en Madrid"]
[Source "lmi"]
[SourceDate "2018.03.28"]

1. e4 c5 2. Nf3 e6 3. d4 cxd4 4. Nxd4 Nc6 5. Nc3 Qc7 6. g3 d6 7. Bg2 Bd7 8. O-O
Nf6 9. Re1 Be7 10. Nxc6 bxc6 11. e5 dxe5 12. Qe2 Nd5 13. Nxd5 cxd5 14. Qxe5
Qxe5 15. Rxe5 Bf6 16. Bxd5 O-O-O 17. Rh5 exd5 18. Rxd5 Bc6 19. Rxd8+ Rxd8 20.
Be3 Bxb2 21. Rb1 Bd4 0-1

[Event "45. Torneo Internacional La Roda 2018"]
[Site "La Roda ESP"]
[Date "2018.03.30"]
[Round "4.3"]
[White "Martin Duque, Jesus"]
[Black "Epishin, Vladimir"]
[Result "1/2-1/2"]
[WhiteElo "2345"]
[BlackElo "2551"]
[PlyCount "36"]
[EventDate "2018.03.28"]
[EventType "swiss"]
[EventRounds "9"]
[EventCountry "ESP"]
[SourceTitle "Ajedrez en Madrid"]
[Source "lmi"]
[SourceDate "2018.03.28"]

1. e4 c6 2. Nc3 d5 3. Nf3 Bg4 4. h3 Bxf3 5. Qxf3 e6 6. d4 Nf6 7. Bd3 dxe4 8.
Nxe4 Nbd7 9. c3 Nxe4 10. Qxe4 g6 11. O-O Bg7 12. Re1 O-O 13. Bf1 Re8 14. Be3
Nf6 15. Qc2 Nd5 16. Bd2 Qc7 17. Rad1 Rad8 18. c4 Ne7 1/2-1/2

[Event "45. Torneo Internacional La Roda 2018"]
[Site "La Roda ESP"]
[Date "2018.03.30"]
[Round "4.4"]
[White "Lopez Mulet, Inigo"]
[Black "Vasquez Schroeder, Rodrigo"]
[Result "0-1"]
[WhiteElo "2341"]
[BlackElo "2527"]
[PlyCount "176"]
[EventDate "2018.03.28"]
[EventType "swiss"]
[EventRounds "9"]
[EventCountry "ESP"]
[SourceTitle "Ajedrez en Madrid"]
[Source "lmi"]
[SourceDate "2018.03.28"]

1. d4 Nf6 2. c4 g6 3. g3 Bg7 4. Bg2 O-O 5. Nc3 d6 6. Nf3 Nc6 7. O-O e5 8. dxe5
dxe5 9. Bg5 Be6 10. Qa4 Qe8 11. Rfd1 h6 12. Bxf6 Bxf6 13. Nd5 Bd8 14. Nd2 Nd4
15. Qxe8 Rxe8 16. e3 Nf5 17. b4 c6 18. Nc3 Be7 19. b5 Rac8 20. Rab1 Rc7 21. a4
Rd8 22. Bf1 Kg7 23. Be2 cxb5 24. axb5 Nd6 25. Nd5 Bxd5 26. cxd5 Rc5 27. Nb3 Rc3
28. Rdc1 Rdc8 29. Rxc3 Rxc3 30. Kf1 Bd8 31. Ke1 Bb6 32. Nd2 Rc5 33. Nb3 Rc3 34.
Nd2 Ba5 35. Kd1 Rc5 36. Nb3 Rxd5+ 37. Kc2 Bb6 38. Rd1 Rxd1 39. Kxd1 Ne4 40. Ke1
f5 41. Bd3 Nd6 42. Kd1 e4 43. Be2 Kf6 44. Kc2 Ke5 45. Kc3 g5 46. Kd2 Kd5 47.
Kc3 f4 48. gxf4 gxf4 49. exf4 Bxf2 50. Kd2 Bg1 51. h3 Bh2 52. Ke3 Nf5+ 53. Kf2
Bxf4 54. Na5 Be3+ 55. Kg2 Nd6 56. Nb3 Bf4 57. Kf2 b6 58. Kg2 Ke5 59. Kf2 Nf5
60. Kg2 Be3 61. Bc4 Kf4 62. Be6 Bc5 63. Bd7 Nh4+ 64. Kf1 Ke3 65. Nc1 Bd6 66.
Ne2 Be5 67. Bc6 Nf5 68. Bd7 Nd6 69. Ke1 Kd3 70. Bc6 Kc4 71. Kd2 Nxb5 72. Bxe4
Nd6 73. Bd3+ Kc5 74. Ng1 b5 75. Nf3 Bf4+ 76. Kc3 a5 77. Bg6 a4 78. Ne1 b4+ 79.
Kc2 b3+ 80. Kb1 Bd2 81. Nd3+ Kd4 82. Nb2 a3 83. Bh7 a2+ 84. Ka1 Bc3 85. Bg8
Bxb2+ 86. Kxb2 Nc4+ 87. Ka1 Kc3 88. h4 Ne3 0-1

[Event "45. Torneo Internacional La Roda 2018"]
[Site "La Roda ESP"]
[Date "2018.03.30"]
[Round "4.5"]
[White "Plazuelo Pascual, Juan"]
[Black "Oratovsky, Michael"]
[Result "1/2-1/2"]
[WhiteElo "2330"]
[BlackElo "2445"]
[PlyCount "20"]
[EventDate "2018.03.28"]
[EventType "swiss"]
[EventRounds "9"]
[EventCountry "ESP"]
[SourceTitle "Ajedrez en Madrid"]
[Source "lmi"]
[SourceDate "2018.03.28"]

1. d4 Nf6 2. c4 d6 3. Nc3 e5 4. Nf3 Nbd7 5. Bg5 Be7 6. e3 O-O 7. Qc2 exd4 8.
Nxd4 Nd5 9. Bxe7 Nxe7 10. Be2 Nc6 1/2-1/2

[Event "45. Torneo Internacional La Roda 2018"]
[Site "La Roda ESP"]
[Date "2018.03.30"]
[Round "4.6"]
[White "Ladron De Guevara Pinto, Paolo"]
[Black "Romero Calduch, Sergio"]
[Result "1-0"]
[WhiteElo "2422"]
[BlackElo "2174"]
[PlyCount "39"]
[EventDate "2018.03.28"]
[EventType "swiss"]
[EventRounds "9"]
[EventCountry "ESP"]
[SourceTitle "Ajedrez en Madrid"]
[Source "lmi"]
[SourceDate "2018.03.28"]

1. e4 e6 2. b3 d5 3. Bb2 dxe4 4. Nc3 Nf6 5. Qe2 Bd7 6. O-O-O Bc6 7. g4 a5 8. a4
Nbd7 9. g5 Nd5 10. Nxe4 Nc5 11. f3 Qd7 12. d4 Na6 13. c4 Ndb4 14. d5 O-O-O 15.
Rd2 Nxd5 16. cxd5 Bxd5 17. Nc3 Bb4 18. Rxd5 Qc6 19. Rxd8+ Rxd8 20. Qc2 1-0

[Event "45. Torneo Internacional La Roda 2018"]
[Site "La Roda ESP"]
[Date "2018.03.30"]
[Round "4.7"]
[White "Mingarro Carceller, Sergi"]
[Black "Suarez Uriel, Adrian"]
[Result "1/2-1/2"]
[WhiteElo "2323"]
[BlackElo "2412"]
[PlyCount "51"]
[EventDate "2018.03.28"]
[EventType "swiss"]
[EventRounds "9"]
[EventCountry "ESP"]
[SourceTitle "Ajedrez en Madrid"]
[Source "lmi"]
[SourceDate "2018.03.28"]

1. e4 c5 2. Nf3 Nc6 3. d4 cxd4 4. Nxd4 g6 5. c4 Bg7 6. Be3 Nf6 7. Nc3 O-O 8.
Be2 d6 9. O-O Bd7 10. h3 a6 11. Nf3 Rb8 12. Rb1 b5 13. cxb5 axb5 14. b4 Ng4 15.
Bd2 Nge5 16. Nxe5 Nxe5 17. f4 Nc4 18. Bxc4 bxc4 19. Qe2 Qb6+ 20. Kh1 Rfc8 21.
Nd5 Qd8 22. Bc3 Bxc3 23. Nxc3 f5 24. e5 d5 25. Rfd1 e6 26. a4 1/2-1/2

[Event "45. Torneo Internacional La Roda 2018"]
[Site "La Roda ESP"]
[Date "2018.03.30"]
[Round "4.8"]
[White "Ibarra Jerez, Jose Carlos"]
[Black "Serarols Mabras, Bernat"]
[Result "1-0"]
[WhiteElo "2569"]
[BlackElo "2240"]
[PlyCount "55"]
[EventDate "2018.03.28"]
[EventType "swiss"]
[EventRounds "9"]
[EventCountry "ESP"]
[SourceTitle "Ajedrez en Madrid"]
[Source "lmi"]
[SourceDate "2018.03.28"]

1. e4 c6 2. d4 d5 3. e5 c5 4. dxc5 e6 5. a3 Nc6 6. Nf3 Bxc5 7. b4 Bb6 8. Bb2
Nge7 9. Bd3 Ng6 10. O-O Nf4 11. c4 O-O 12. Re1 Nxd3 13. Qxd3 dxc4 14. Qxc4 Qd5
15. Qc1 Ne7 16. Nc3 Qc6 17. Qg5 Nd5 18. Ne4 Bd8 19. Qg3 Kh8 20. Rac1 Qe8 21.
Nd6 Qd7 22. Rc4 Bc7 23. Rh4 Bxd6 24. exd6 f6 25. Qg6 h6 26. Ng5 fxg5 27. Rxh6+
Kg8 28. Rxe6 1-0